Common College STEM Courses - Statistics

General Stats
  • This quiz has been taken 8 times
  • The average score is 14 of 39
Answer Stats
Answer % Correct
Biochemistry 1
63%
Biochemistry 2
63%
Linear Algebra
63%
Calculus 1
50%
Calculus 2
50%
Differential Equations
50%
General Biology 1
50%
General Biology 2
50%
General Chemistry 1
50%
General Chemistry 2
50%
Genetics
50%
Multivariable Calculus
50%
Organic Chemistry 1
50%
Organic Chemistry 2
50%
Physics 1
50%
Physics 2
50%
Quantum Physics
50%
Ecology
38%
Human Anatomy
38%
Human Physiology
38%
Inorganic Chemistry
38%
Microbiology
38%
Evolution
25%
Human Biology
25%
Immunology
25%
Neurobiology
25%
Physical Chemistry 1
25%
Physical Chemistry 2
25%
Thermodynamics
25%
Topology
25%
Astronomy
13%
Cellular & Molecular Biology
13%
Classical Mechanics
13%
Electromagnetism
13%
Instrumental Analysis
13%
Modern Physics
13%
Nutrition
13%
Quantitative Analysis
13%
Quantitative Biology
13%
No matching quizzes found
Score Distribution
Percent of People with Each Score
Percentile by Number Answered
Your Score History
You have not taken this quiz